000 00430nam a2200193Ia 4500
005 20240823035534.0
008 240823s9999||||xx |||||||||||||| ||und||
020 _a978-93-80081-14-4
041 _aENGLISH
082 _A297.63
100 _aUmer O Thasneem
245 4 _aThe Soul of the Desert
250 _a1st
260 _c2009
_bOther
500 _aYES
650 _aNovel
_bEnglish
942 _cBK
999 _c200931
_d200931